000 00585nam a2200229Ia 4500
003 OSt
005 20221005124026.0
006 a|||||r|||| 00| 0
007 ta
008 221004b |||||||| |||| 00| 0 mar d
024 _a59856
037 _cTextual
040 _aCRL
_cCRL
_bmar
041 _2mar
_amar
082 _aO155,3x, 33L5
100 _aL.J. Bendre
_9634586
245 0 _aMarathi sanna kathegala kanaja
260 _c1975
650 _aMARATHI LITERATURE
_938000
942 _hO155,3x, 33L5
_cTEXL
_2cc
999 _c1049223
_d1049223